|
|
|
|
| LEADER |
00000nkm a2200000 a 4500 |
| 001 |
vtls012019502 |
| 003 |
SK-MaSNL |
| 005 |
20260425233200.0 |
| 007 |
kf bo |
| 008 |
231121s1967 xo g kuslo |
| 015 |
|
|
|a SNBG1967
|
| 035 |
|
|
|a urn:nbn:sk:snk-km00faaf
|
| 035 |
|
|
|a urn:nbn:sk:snk-km45sjb
|
| 035 |
|
|
|a C46453AD-1320-49E2-A652-3C698086C6C4
|
| 040 |
|
|
|a SNK
|b slo
|c SNK
|e AACR2
|
| 041 |
0 |
|
|a slo
|
| 043 |
|
|
|a e-xo---
|
| 044 |
|
|
|a xo
|c SK
|
| 072 |
|
7 |
|a 908(437)
|x Vlastiveda Česka a Slovenska
|2 konspekt
|
| 080 |
|
|
|a 908(437.6)
|2 2011
|
| 080 |
|
|
|a 551.442
|2 2011
|
| 080 |
|
|
|a (084.121)
|2 2011
|
| 100 |
1 |
|
|a Absolon, Ľudovít,
|d 1909-1988
|4 pht
|9 38194
|
| 245 |
1 |
0 |
|a Juhoslovenský kras
|h grafika
|b Jasovská jaskyňa : Malčova sieň
|c foto Ľudovít Absolon
|
| 260 |
|
|
|a [Bratislava]
|b VPL
|c 1967
|
| 300 |
|
|
|a 1 pohľadnica
|b čiernobiela
|c 15 x 11 cm
|
| 520 |
8 |
|
|a Zobrazenie: Pohľad na krasovú výzdobu jaskyne
|
| 650 |
0 |
7 |
|a jaskyne
|2 SNKPH
|9 20772
|
| 650 |
0 |
7 |
|a speleológia
|2 SNKPH
|9 17878
|
| 651 |
|
7 |
|a Jasovská jaskyňa (Slovensko)
|2 SNKPHgeo
|9 160796
|
| 651 |
|
7 |
|a Národný park Slovenský kras (Slovensko)
|2 SNKPHgeo
|9 73258
|
| 655 |
|
7 |
|a geografické pohľadnice
|2 SNKPH
|9 70522
|
| 852 |
|
|
|a Slovenská národná knižnica
|
| 958 |
|
|
|a GC
|
| 958 |
|
|
|a GBN
|
| 958 |
|
|
|a OND
|
| 958 |
|
|
|a EUIPO
|
| 999 |
|
|
|c 758917
|d 760847
|
| 952 |
|
|
|a SNK
|b SNK
|y PREZ
|7 0
|p 17A1238703
|o snkSP 44649
|0 0
|1 0
|4 0
|d 2021-03-24
|f 1
|l 0
|r 2026-02-23 23:57:05
|w 2026-02-23
|